Collateral warranties (Record no. 66761)

MARC details
000 -LEADER
fixed length control field 01062cam a2200229 4500
001 - CONTROL NUMBER
control field ABS63798
008 - FIXED-LENGTH DATA ELEMENTS--GENERAL INFORMATION
fixed length control field 000000n2001 000 0 eng u
035 ## - SYSTEM CONTROL NUMBER
System control number (Sirsi) u112101
100 ## - MAIN ENTRY--PERSONAL NAME
Personal name Greene, K.
245 ## - TITLE STATEMENT
Title Collateral warranties
260 ## - PUBLICATION, DISTRIBUTION, ETC.
Date of publication, distribution, etc. 2001
490 ## - SERIES STATEMENT
Series statement Building Services Journal
Volume/sequential designation 23(4) April 2001, 41(1)
520 ## - SUMMARY, ETC.
Summary, etc. Discusses collateral warranties and their potential benefits. Argues that the introduction of the Contracts (Right of Third Parties) Act 1999 has not yet brought about a change to the collateral warranty industry. Describes the possible different forms of provision amongst warranties but warns that the many variations of clauses makes them very difficult to negotiate.
590 ## - LOCAL NOTE (RLIN)
Local note ABS
650 ## - SUBJECT ADDED ENTRY--TOPICAL TERM
Topical term or geographic name entry element BUILT ENVIRONMENT-BUILDING CONTRACT FORMS-CONSTRUCTION COLLATERAL WARRANTY FORMS
650 ## - SUBJECT ADDED ENTRY--TOPICAL TERM
Topical term or geographic name entry element CONTRACTS (RIGHTS OF THIRD PARTIES) ACT 1999
650 ## - SUBJECT ADDED ENTRY--TOPICAL TERM
Topical term or geographic name entry element STEP-IN RIGHTS
650 ## - SUBJECT ADDED ENTRY--TOPICAL TERM
Topical term or geographic name entry element COPYRIGHT LICENCES
650 ## - SUBJECT ADDED ENTRY--TOPICAL TERM
Topical term or geographic name entry element NET CONTRIBUTION CLAUSES
690 ## - LOCAL SUBJECT ADDED ENTRY--TOPICAL TERM (OCLC, RLIN)
Topical term or geographic name as entry element BUILT ENVIRONMENT-BUILDING CONTRACT FORMS
942 ## - ADDED ENTRY ELEMENTS (KOHA)
Suppress in OPAC 0
Holdings
Withdrawn status Lost status Source of classification or shelving scheme Damaged status Not for loan Home library Current library Shelving location Date acquired Total Checkouts Full call number Barcode Date last seen Copy number Price effective from Koha item type
    Dewey Decimal Classification     London London Journal article 23/04/2001   ABS63798 112101-1001 06/08/2019 1 06/08/2019 Journal article